000 00384nam a2200157Ia 4500
008 230917s9999||||xx |||||||||||||| ||und||
040 _e38207
_aMAIN
041 _aEnglish
082 _a658.3 S99M
100 _aSayles, Leonard R
245 0 _aManaging human resources
250 _a2nd ed.
260 _aNew Jersey
_bPrentice-Hall
_c1980
300 _axiii, 510 p.
942 _cBK
999 _c221827
_d221827